Подробности
| 000 -МАРКЕР |
| контрольное поле |
02036nam0a2200385 4500 |
| 001 - ИДЕНТИФИКАТОР ЗАПИСИ |
| контрольное поле |
RU\NLR\bibl\941344 |
| 005 - ИДЕНТИФИКАТОР ВЕРСИИ |
| контрольное поле |
20260407121236.0 |
| 010 ## - МЕЖДУНАРОДНЫЙ СТАНДАРТНЫЙ НОМЕР КНИГИ (ISBN) |
| Номер (ISBN) |
5-9540-0016-6 |
| Тираж |
500 |
| 021 ## - НОМЕР ГОСУДАРСТВЕННОЙ РЕГИСТРАЦИИ |
| Код страны |
Российская Федерация |
| Номер |
2006-18012 |
| Номер Листа государственной регистраци |
899 |
| 035 ## - ДРУГИЕ СИСТЕМНЫЕ НОМЕРА |
| Идентификатор записи |
(NLR Aleph) 000929524 |
| 100 ## - ДАННЫЕ ОБЩЕЙ ОБРАБОТКИ |
| Данные общей обработки |
20060502d2005 |||y0rusy50 ca |
| 101 0# - ЯЗЫК РЕСУРСА |
| Язык текста, звукозаписи и т.д. |
русский |
| 102 ## - СТРАНА ПУБЛИКАЦИИ ИЛИ ПРОИЗВОДСТВА |
| Страна публикации |
Российская Федерация |
| 105 ## - ПОЛЕ КОДИРОВАННЫХ ДАННЫХ: ТЕКСТОВЫЕ МАТЕРИАЛЫ, МОНОГРАФИЧЕСКИЕ |
| Кодированные данные о монографическом текстовом документе |
y ||||||||| |
| 200 1# - ЗАГЛАВИЕ И СВЕДЕНИЯ ОБ ОТВЕТСТВЕННОСТИ |
| Основное заглавие |
Диалог цивилизаций. Повестка дня |
| Первые сведения об ответственности |
[Михаил Горбачев, Абдусалам Гусейнов, д.филос.н., акад. РАН, проф., Вадим Загладин - д.филос.н., проф., д.чл. РАЕН и др. |
| Последующие сведения об ответственности |
сост. и общ. ред. В.И. Толстых] |
| -- |
Рос. акад. наук, Ин-т философии, Горбачев-Фонд |
| 210 ## - ПУБЛИКАЦИЯ, РАСПРОСТРАНЕНИЕ И ДР. |
| Место издания, распространения и т.д. |
Москва |
| Имя издателя, распространителя и т. д. |
ИФ РАН |
| -- |
Горбачев-Фонд |
| Дата издания, распространения и т.д. |
2005 |
| 215 ## - ФИЗИЧЕСКАЯ ХАРАКТЕРИСТИКА |
| Специфическое обозначение материала и объем |
143, [2] с. |
| Размеры |
20 |
| 300 ## - ОБЩИЕ ПРИМЕЧАНИЯ |
| Текст примечания |
Авт. указаны на 3-й с. |
| 517 0# - ДРУГИЕ ВАРИАНТЫ ЗАГЛАВИЯ |
| Вариант заглавия |
Повестка дня |
| 606 1# - НАИМЕНОВАНИЕ ТЕМЫ КАК ПРЕДМЕТ |
| Наименование темы |
Восток-Запад |
| Формальный подзаголовок |
Сборники |
| Тематический подзаголовок |
Социокультурные процессы |
| Системный номер авторитетной/нормативной записи |
2176335 |
| Идентификатор авторитетной/нормативной записи |
RU\NLR\auth\661308957 |
| 606 1# - НАИМЕНОВАНИЕ ТЕМЫ КАК ПРЕДМЕТ |
| Наименование темы |
Новейшая история |
| Формальный подзаголовок |
Сборники |
| Хронологический подзаголовок |
21 в. |
| Системный номер авторитетной/нормативной записи |
2252575 |
| Идентификатор авторитетной/нормативной записи |
RU\NLR\auth\661351053 |
| 686 ## - ИНДЕКСЫ ДРУГИХ КЛАССИФИКАЦИЙ |
| Индекс |
Т3(0)63я43 |
| 686 ## - ИНДЕКСЫ ДРУГИХ КЛАССИФИКАЦИЙ |
| Индекс |
С550.2я43 |
| 701 #1 - ИМЯ ЛИЦА - АЛЬТЕРНАТИВНАЯ ОТВЕТСТВЕННОСТЬ |
| Код отношения |
Автор |
| Материалы, к которым относится поле |
rus |
| Графика поля |
Кириллица |
| Начальный элемент ввода |
Горбачев |
| Часть имени, кроме начального элемента ввода |
М. С. |
| Дополнения к именам, кроме дат |
гос. деятель |
| Даты |
1931-2022 |
| Расширение инициалов личного имени |
Михаил Сергеевич |
| Идентификатор авторитетной/нормативной записи |
RU\NLR\AUTH\7710834 |
| Системный номер авторитетной/нормативной записи |
120598 |
| 701 #1 - ИМЯ ЛИЦА - АЛЬТЕРНАТИВНАЯ ОТВЕТСТВЕННОСТЬ |
| Код отношения |
Автор |
| Материалы, к которым относится поле |
rus |
| Графика поля |
Кириллица |
| Начальный элемент ввода |
Гусейнов |
| Часть имени, кроме начального элемента ввода |
А. А. |
| Даты |
1939- |
| Расширение инициалов личного имени |
Абдусалам Абдулкеримович |
| Идентификатор авторитетной/нормативной записи |
RU\NLR\auth\7789478 |
| Системный номер авторитетной/нормативной записи |
72406 |
| 701 #1 - ИМЯ ЛИЦА - АЛЬТЕРНАТИВНАЯ ОТВЕТСТВЕННОСТЬ |
| Начальный элемент ввода |
Загладин |
| Часть имени, кроме начального элемента ввода |
В. |
| Расширение инициалов личного имени |
Вадим |
| Код отношения |
Автор |
| 702 #1 - ИМЯ ЛИЦА - ВТОРИЧНАЯ ОТВЕТСТВЕННОСТЬ |
| Код отношения |
Составитель |
| Материалы, к которым относится поле |
rus |
| Графика поля |
Кириллица |
| Начальный элемент ввода |
Толстых |
| Часть имени, кроме начального элемента ввода |
В. И. |
| Дополнения к именам, кроме дат |
д-р филос. наук |
| Даты |
1929- |
| Расширение инициалов личного имени |
Валентин Иванович |
| Идентификатор авторитетной/нормативной записи |
RU\NLR\auth\7782856 |
| Системный номер авторитетной/нормативной записи |
65784 |
| 712 02 - НАИМЕНОВАНИЕ ОРГАНИЗАЦИИ - ВТОРИЧНАЯ ОТВЕТСТВЕННОСТЬ |
| Код отношения |
Прочие |
| Начальный элемент ввода |
Институт философии |
| Идентифицирующий признак |
Москва |
| Идентификатор авторитетной/нормативной записи |
RU\NLR\AUTH\889955071 |
| Системный номер авторитетной/нормативной записи |
406171 |
| 801 #0 - ИСТОЧНИК ЗАПИСИ |
| Страна |
Российская Федерация |
| Организация |
NLR |
| Дата составления |
20060502 |
| Правила каталогизации |
rcr |
| 801 #1 - ИСТОЧНИК ЗАПИСИ |
| Страна |
Российская Федерация |
| Организация |
NLR |
| Дата составления |
20060502 |
| 942 ## - ДОПОЛНИТЕЛЬНЫЕ ЭЛЕМЕНТЫ ЗАПИСИ (АБИС) |
| Тип экземпляра АБИС |
Книга |
| 980 ## - КОЛЛЕКЦИЯ |
| Название коллекции |
Национальная библиография |